ბათუმის შოთა რუსთაველის სახელმწიფო უნივერსიტეტის ბიბლიოთეკა

მასალების ჭრით დამუშავება : დამხმ.სახელმძღვ. / (ბიბ.ჩანაწერი № 40075)

000 -ლიდერი
ფიქსირებული სიგრძის საკონტროლო ველი 01093nam a2200217Ia 4500
001 - საკონტროლო ნომერი
საკონტროლო ველი 6681
003 - საკონტროლო ნომრის იდენტიფიკატორი
საკონტროლო ველი GE_BSU
005 - ბოლო ოპერაციის თარიღი და დრო
საკონტროლო ველი 20190701173909.0
008 - ფიქსირებული სიგრძის მონაცემთა ელემენტები - ზოგადი ინფორმაცია
ფიქსირებული სიგრძის საკონტროლო ველი 181216s1979||||ge |||||||||||||| ||geo||
041 ## - ენის კოდი
Language code of text/sound track or separate title geo
080 ## - უნივერსალური ათობითი კლასიფიკაციის ინდექსი
Universal Decimal Classification number 621.91(076) მ-36
245 ## - ცნობა სათაურის შესახებ
Title მასალების ჭრით დამუშავება : დამხმ.სახელმძღვ. /
Statement of responsibility, etc შემდგ. თ.გეგეჭკორი ; რ.წერეთელი ; გ.კაკუშაძე ; რედ : ე.კირვალიძე.
264 ## - წარმოების, გამოცემის, დისტრიბუციის და სხვა ცნობები
გამოცემის, წარმოების, დისტრიბუციის... ადგილი თბილისი :
გამოცემის, წარმოების, დისტრიბუციის... სახელწოდება სპი,
გამოცემის, წარმოების, დისტრიბუციის... თარიღი 1979.
300 ## - ფიზიკური აღწერა
Extent 64 გვ .:
Other physical details ილ ;
Dimensions 20 სმ.
653 ## - INDEX TERM--UNCONTROLLED
Uncontrolled term მასალების ჭრით დამუშავება
700 ## - ADDED ENTRY--PERSONAL NAME
Personal name გეგეჭკორი, თ
Relator term შემდგენელი
9 (RLIN) 1138
700 ## - ADDED ENTRY--PERSONAL NAME
Personal name წერეთელი, რ
Relator term შემდგენელი
9 (RLIN) 3142
700 ## - ADDED ENTRY--PERSONAL NAME
Personal name კაკუშაძე, გ
Relator term შემდგენელი
9 (RLIN) 3143
700 ## - ADDED ENTRY--PERSONAL NAME
Personal name კირვალიძე, ე
Relator term რედაქტორი
9 (RLIN) 3144
942 ## - ADDED ENTRY ELEMENTS (KOHA)
Koha item type წიგნი
Source of classification or shelving scheme
ეგზემპლარები
ჩამოწერის სტატუსი დაკარგული ეგზემპლარის სტატუსი კლასიფიკაციის წყარო ან თაროზე გაწყობის სქემა დაზიანების სტატუსი არ გაიცემა მუდმივი მდებარეობა (დაცვის ადგილი) ამჟამინდელი ადგილსამყოფელი თაროზე განთავსების ადგილი შეძენის თარიღი ღირებულება, შესყიდვის ნორმალური ფასი სრული შენახვის შიფრი შტრიხკოდი ბოლო ოპერაციის თარიღი ეგზემპლარის მიმდევრობითი ნომერი (კეტერი?) ფასის ძალაში შესვლის თარიღი ეგზემპლარის სახეობა საჯარო შენიშვნა
          ტექნოლოგიური ფაკულტეტის ბიბლიოთეკა ტექნოლოგიური ფაკულტეტის ბიბლიოთეკა წიგნსაცავი 2018-12-17 0.00 621.91(076) მ-36 11211 2018-12-17 11211 2018-12-17 წიგნი 0,60 თ.
          ტექნოლოგიური ფაკულტეტის ბიბლიოთეკა ტექნოლოგიური ფაკულტეტის ბიბლიოთეკა წიგნსაცავი 2018-12-17 0.00 621.91(076) მ-36 11212 2018-12-17 11212 2018-12-17 წიგნი 0,60 თ.
          ტექნოლოგიური ფაკულტეტის ბიბლიოთეკა ტექნოლოგიური ფაკულტეტის ბიბლიოთეკა წიგნსაცავი 2018-12-17 0.00 621.91(076) მ-36 11213 2018-12-17 11213 2018-12-17 წიგნი 0,60 თ.
          ტექნოლოგიური ფაკულტეტის ბიბლიოთეკა ტექნოლოგიური ფაკულტეტის ბიბლიოთეკა წიგნსაცავი 2018-12-17 0.00 621.91(076) მ-36 11214 2018-12-17 11214 2018-12-17 წიგნი 0,60 თ.
          ტექნოლოგიური ფაკულტეტის ბიბლიოთეკა ტექნოლოგიური ფაკულტეტის ბიბლიოთეკა წიგნსაცავი 2018-12-17 0.00 621.91(076) მ-36 11215 2018-12-17 11215 2018-12-17 წიგნი 0,60 თ.